000 00337 a2200157 4500
001 64412
020 _a9788576839132
040 _cAnchieta - Pituba
100 _aLaFevers, Robin
240 1 0 _aPerdão mortal
_lpor
245 1 0 _aPerdão mortal
300 _a404
362 0 _a2015
650 4 _aFicção norte-americana
942 _cBK
999 _c64412
_d64412